EFFECTS OF WOMEN ENTERPRISE FUND PROGRAMS ON THE PERFORMANCE OF WOMEN ENTERPRISES IN MOIBEN SUB-COUNTY, UASIN GISHU COUNTY, KENYA (Record no. 217140)
[ view plain ]
| 000 -LEADER | |
|---|---|
| fixed length control field | 00662nam a22001577a 4500 |
| 008 - FIXED-LENGTH DATA ELEMENTS--GENERAL INFORMATION | |
| fixed length control field | 260514b |||||||| |||| 00| 0 eng d |
| 050 ## - LIBRARY OF CONGRESS CALL NUMBER | |
| Classification number | THE HD 62.7 .K 4 M88 2025 |
| 100 ## - MAIN ENTRY--PERSONAL NAME | |
| Personal name | MUTIANIA, DOREEN KAWIRIA. |
| 245 ## - TITLE STATEMENT | |
| Title | EFFECTS OF WOMEN ENTERPRISE FUND PROGRAMS ON THE PERFORMANCE OF WOMEN ENTERPRISES IN MOIBEN SUB-COUNTY, UASIN GISHU COUNTY, KENYA |
| 260 ## - PUBLICATION, DISTRIBUTION, ETC. | |
| Place of publication, distribution, etc. | KISII, |
| Name of publisher, distributor, etc. | KISII UNIVERSITY PRESS, |
| Date of publication, distribution, etc. | 2025. |
| 300 ## - PHYSICAL DESCRIPTION | |
| Extent | XV, 141 P, |
| 500 ## - GENERAL NOTE | |
| General note | INCLUDES BIBLIOGRAPHICAL REFERENCES.. |
| 650 ## - SUBJECT ADDED ENTRY | |
| Topical term or geographic name entry element | 1. WOMEN- OWNED BUSINESSES -KENYA-MOIBEN SUB-COUNTY. 2 SMALL- BUSINESS -KENYA - FINANCE- GOVERNMENT PROGRAMMS. |
| 942 ## - ADDED ENTRY ELEMENTS (KOHA) | |
| Source of classification or shelving scheme | Library of Congress Classification |
| Koha item type | Reference |
| Withdrawn status | Lost status | Source of classification or shelving scheme | Damaged status | Not for loan | Collection | Home library | Current library | Shelving location | Date acquired | Inventory number | Total checkouts | Full call number | Barcode | Date last seen | Copy number | Price effective from | Koha item type |
|---|---|---|---|---|---|---|---|---|---|---|---|---|---|---|---|---|---|
| Library of Congress Classification | Special Research | Kisii University Library | Kisii University Library | On Display | 05/14/2026 | 113475 | THE HD 62.7 .K4 M88 2025 | A000411 | 05/14/2026 | 1 | 05/14/2026 | Reference |